| 000 | 00660nam a2200241Ia 4500 | ||
|---|---|---|---|
| 005 | 20260429111952.0 | ||
| 008 | 260429s9999||||xx |||||||||||||| ||und|| | ||
| 020 | _a9781260547825 | ||
| 041 | _aEnglish | ||
| 082 |
_a658.7 _bBOW |
||
| 100 | _aBowersox, Donald J. | ||
| 245 | 0 |
_aSupply chain logistics management / _cDonald J. Bowersox |
|
| 250 | _a5th ed. | ||
| 260 |
_aUnited States : _bMcGraw Hill, _c2020. |
||
| 300 | _axvii, 462 p.; pbk | ||
| 650 | _a Logistics management | ||
| 650 | _a Supply management | ||
| 650 | _aManagement | ||
| 700 | _a Bowersox, John C. | ||
| 700 | _a Closs, David J. | ||
| 700 | _a Cooper, M. Bixby | ||
| 942 | _cTB | ||
| 999 |
_c51673 _d51673 |
||